ARRUPE JESUIT UNIVERSITY

CORONAVIRUS -STOP THE SPREAD - CLEAN,DISINFECT,COVER

Human evolution : (Record no. 125403)

MARC details
000 -LEADER
fixed length control field 01119cam a2200337 a 4500
001 - CONTROL NUMBER
control field 14338033
003 - CONTROL NUMBER IDENTIFIER
control field ARRUPE
005 - DATE AND TIME OF LATEST TRANSACTION
control field 20161005084500.0
008 - FIXED-LENGTH DATA ELEMENTS--GENERAL INFORMATION
fixed length control field 060412s2005 enkab bf 001 0 eng
010 ## - LIBRARY OF CONGRESS CONTROL NUMBER
LC control number 2006296219
015 ## - NATIONAL BIBLIOGRAPHY NUMBER
National bibliography number GBA3-W1558
016 7# - NATIONAL BIBLIOGRAPHIC AGENCY CONTROL NUMBER
Record control number 101263376
Source DNLM
020 ## - INTERNATIONAL STANDARD BOOK NUMBER
International Standard Book Number 0192803603
020 ## - INTERNATIONAL STANDARD BOOK NUMBER
International Standard Book Number 9780192803603
035 ## - SYSTEM CONTROL NUMBER
System control number (OCoLC)ocm52620413
040 ## - CATALOGING SOURCE
Original cataloging agency NLM
Transcribing agency NLM
Modifying agency UKM
-- BAKER
-- BWKUK
-- VP@
-- DLC
042 ## - AUTHENTICATION CODE
Authentication code nlmcopyc
-- lccopycat
050 00 - LIBRARY OF CONGRESS CALL NUMBER
Classification number GN281
Item number .W674 2005
060 00 - NATIONAL LIBRARY OF MEDICINE CALL NUMBER
Classification number 2006 A-876
082 00 - DEWEY DECIMAL CLASSIFICATION NUMBER
Classification number 599.93/8
Edition number 22
300 ## - PHYSICAL DESCRIPTION
Other physical details ill., maps ;
Dimensions 18 cm.
100 1# - MAIN ENTRY--PERSONAL NAME
Personal name Wood, Bernard A.
9 (RLIN) 26368
245 10 - TITLE STATEMENT
Title Human evolution :
Remainder of title a very short introduction /
Statement of responsibility, etc Bernard Wood.
260 ## - PUBLICATION, DISTRIBUTION, ETC. (IMPRINT)
Place of publication, distribution, etc Oxford ;
-- New York :
Name of publisher, distributor, etc Oxford University Press,
Date of publication, distribution, etc 2005.
300 ## - PHYSICAL DESCRIPTION
Extent 131 p. :
440 #0 - SERIES STATEMENT/ADDED ENTRY--TITLE
Title Very short introductions ;
Volume number/sequential designation 142
9 (RLIN) 26369
504 ## - BIBLIOGRAPHY, ETC. NOTE
Bibliography, etc Includes bibliographical references (p. 121-124) and index.
650 #0 - SUBJECT ADDED ENTRY--TOPICAL TERM
Topical term or geographic name as entry element Human evolution.
9 (RLIN) 26370
906 ## - LOCAL DATA ELEMENT F, LDF (RLIN)
a 7
b cbc
c copycat
d 2
e ncip
f 20
g y-gencatlg
942 ## - ADDED ENTRY ELEMENTS (KOHA)
Source of classification or shelving scheme Library of Congress Classification
Koha item type Monograph ( Printed materials)
Holdings
Withdrawn status Lost status Source of classification or shelving scheme Damaged status Not for loan Collection code Home library Current library Shelving location Date acquired Total Checkouts Full call number Barcode Date last seen Date checked out Price effective from Koha item type
    Library of Congress Classification     Main Collection ARRUPE LIBRARY ARRUPE LIBRARY Main Collection 04/10/2016 3 GN281 .W67 2005 46500010680 19/05/2020 20/03/2020 04/10/2016 Monograph ( Printed materials)

 

Arrupe Library. PO Box MP320 Mt Pleasant, Harare, Zimbabwe
263 242 745411|librarian@aju.ac.zw